Baldi's Basics Items - Statistics

General Stats
  • This quiz has been taken 3 times
  • The average score is 5 of 28
Answer Stats
Hint Answer % Correct
Every vending machine needs 25 cents. That's why we have the _____ _______! Quarter
100%
This fizzy soda can spray faculty for up to 30 seconds! Make sure to grab another one for extra safety! BSODA
67%
To go camping, you will need a ___ ____! That's why you have this! Bus Pass
33%
This 0-calorie soda can spray faculty for up to 3 seconds! Diet BSODA
33%
This _____________ __________ will send you somewhere random! What fun! Dangerous Teleporter
33%
This Bar can set you energy to 200%! Run while you're at it! Energy Flavored Zesty Bar
33%
This slippery item also spawns naturally, but these will make characters slip. 'Nana Peel
33%
If you want to go to the other side of a wall, this ______ ______ will surely help! Portal Poster
33%
These ______ ________ will cut anything related to wires! You might need it for special occasions. Safety Scissors
33%
This _____ ________ _____ will give you infinite reach! Just put it on, and your glove will stretch infinitely! if you need to press a button, activate a lever or open a door, this will do the trick! Super Stretchy Glove
33%
This ________ ____ ____ will lock doors for 15-30 seconds, insanely useful! Swinging Door Lock
33%
If you want your doors or lockers to be silent, this will do the trick! WD-NoSquee
33%
This _____ WILL attract Baldi! Just set it for a set amount of time, and baldi will be attracted to it! Alarm Clock
0%
This _____ ___ _____ will make baldi crunch! He will temporarily stop for 20 seconds to devour this thing! An Apple for Baldi
0%
This hand-crafted tape will deafen baldi for 30 seconds! Make sure you use this at the right occasion, otherwise Baldi might catch you! Baldi's Least Favorite Tape
0%
These ones will make you stuck to the ground temporarily, so you can't be moved by any characters! Big Ol' Boots/Techno Boots
0%
This _____ _____ ______ will make you invisible in a specific spot! Dirty Chalk Eraser
0%
Essential to a level. Notebook
0%
Unique to Birthday Bash and BBCR Party Style, and contains a random item. Present
0%
This _______ _______ will trick faculty and sensors into thinking you're part of the schoolhouse! Watch out, Baldi won't be tricked. Faculty Nametag
0%
This ____________ ______ will turn you invisible! Sensors and faculty won't see you, but you can still collide with them! Invisibility Elixir
0%
This was used for camping, to keep the fire going, but the old camping trip was eventually scrapped. Log
0%
Some students may have lost items in the school house, so you need to get them back! That's why you're here, after all. Lost Item
0%
If you have all 5/3 of these, It's a Bully will say: "What? No items, No items, No pass....." Nothing
0%
Immediately gives you YTPS, there are 4 unique types. Plus icon
0%
This _________ ___ will not only unlock the door locked by the Principal, but Chalkles too! Principal's Keys
0%
If a door is locked by a lock, this could open it! Shape Key
0%
Adds it to your ####### inventory, and there are multiple* in most ######s. Sticker Packet
0%
No matching quizzes found
Score Distribution
Percent of People with Each Score
Percentile by Number Answered
Your Score History
You have not taken this quiz